| 000 | 00959nam a2200253Ia 4500 | ||
|---|---|---|---|
| 001 | 21780 | ||
| 005 | 20260407151352.0 | ||
| 008 | 260320s9999||||xx |||||||||||||| ||und|| | ||
| 020 | _a9789972517549 | ||
| 041 | _aESP | ||
| 082 |
_a306.810984 _bR71 |
||
| 100 |
_aRobins, Nicholas A., _eAUT |
||
| 245 | 0 |
_aDe amor y odio : _bvida matrimonial, conflicto e intimidad en el sur andino colonial, 1750-1825 |
|
| 250 | _aPrimera edición | ||
| 260 |
_aLima : _bIEP Instituto de Estudios Peruanos, _c2019 |
||
| 300 |
_a286 páginas : _c23 cm. |
||
| 440 |
_a(Estudios históricos _n; número 81) |
||
| 650 | _aCIS | ||
| 653 | _aMatrimonio -Bolivia - Historia; Relaciones de familia - Charcas (Bolivia) - Siglo XVIII; Charcas (Audiencia) - Vida y costumbres sociales - Siglo XVIII | ||
| 654 | _aCHU | ||
| 700 |
_aLofstrom, William, _cTRA |
||
| 856 |
_uhttps://www-jstor-org.ucsp.lookproxy.com/ _zVéase además: Base de datos JSTOR |
||
| 942 |
_cLIB _dJUS _fMAT _2ddc |
||
| 999 |
_c21780 _d21780 |
||